00927nam a22002657a 450000500170000001000110001702000090002803500110003703700160004804000120006408200130007610000300008924500920011925000110021126000470022227000340026930000240030350000510032765000270037865000320040570000270043794200220046499900190048695201560050520170124110049.0 a527033 c9.60 a527033 bCen Lib/Ret aDPLbEN a658bNEW aNewman, William H.925062 aBusiness policies and central management / cby William H. Newman [and] James P. Logan  a5th ed aBombay bB. Taraporevala Sons & Com c1965 aDadabhai Narji Road bBombay  axi, 948p.c22cm(Hb) aIncludes bibliographical references and index  aBusinees policy980068 aBusiness management 980069 aLogan, James P.925065 2ddccENh658mNEW c128998d128998 04104070aLbLd2015-07-04eCen Lib/Retg9.60l0o658 NEWp527033r2015-07-04 00:00:00t1v9.60w2015-07-04yENzW/d List No. 6874/6 ; dtd 20/08/2020